00510nam a2200181 a 450000100060000000300090000600800410001502000150005604000280007108200140009911000420011324500410015526000440019665000220024065000370026294200120029999900170031111975CO-ViMGA141112s2004 ck r 000 u spa d a8482591444 aCO-ViMGAbspacCO-ViMGA04aR920 E524 aEditora Cultural Internacional91686910aEnciclopedia de Biografías a color aBarcelona, cTerranova Editores, c199814aBIOGRAFIAS91687014aDICCIONARIO DE BIOGRAFIAS916871 2ddccBK c23030d23030